| 000 | 00000nam 2200000za 4500 |
| 001 | 9.689712 |
| 003 | CaOODSP |
| 005 | 20211126112849 |
| 007 | cr ||||||||||| |
| 008 | 150407s2007 onc|||||o f|0| 0 eng d |
| 040 | |aCaOODSP|beng |
| 043 | |an-cn--- |
| 086 | 1 |aFB2-27/2007E-PDF |
| 110 | 2 |aBank of Canada. |
| 245 | 10|aAbout the Bank |h[electronic resource]. |
| 260 | |aOttawa : |bBank of Canada, |c[2007]. |
| 300 | |a24 p. : |bcolour map, photographs. |
| 500 | |aCatalogue number (FB2-27/2007) and ISBN (0-662-68028-6) of different format and edition have been incorrectly printed in this publication. |
| 520 | 3 |aThis booklet tells the Bank of Canada's story. It explains how the Bank works, including its five main functions: monetary policy; currency; the financial system; funds management; and retail debt services (such as Canada Savings Bonds). The booklet also describes the Bank's corporate governance and management; its history; its departments; and its Board of Directors and management. Includes contact information for across Canada and for the New York office. |
| 590 | |a07-16|b2007-04-20 |
| 690 | 07|aBanks|2gcpds |
| 775 | 08|tLa Banque en bref |w(CaOODSP)9.634110 |
| 776 | 0#|tAbout the Bank |w(CaOODSP)9.668763 |
| 776 | 0#|tLa Banque en bref |w(CaOODSP)9.668764 |
| 794 | |tAbout the Bank |w(CaOODSP)9.690679 |
| 856 | 40|ahttp://publications.gc.ca|qPDF|s1626 KB|uhttps://publications.gc.ca/collections/Collection/FB2-27-2007E.pdf |